书目信息 |
| 题名: |
自适应学习
|
|
| 作者: | 李韧 著 | |
| 分册: | ||
| 出版信息: | 北京 清华大学出版社 2019 |
|
| 页数: | 192页 | |
| 开本: | 23cm | |
| 丛书名: | ||
| 单 册: | ||
| 中图分类: | TP181 | |
| 科图分类: | ||
| 主题词: | 机器学习--ji qi xue xi | |
| 电子资源: | ||
| ISBN: | 978-7-302-50888-5 | |
| 000 | 01161nam0 2200253 450 | |
| 001 | 1940176917 | |
| 005 | 20190118151844.1 | |
| 010 | @a978-7-302-50888-5@dCNY 39.50 | |
| 099 | @aCAL 012019008737 | |
| 100 | @a20190118d2019 em y0chiy50 ea | |
| 101 | 0 | @achi |
| 102 | @aCN@b110000 | |
| 105 | @aak a 000yy | |
| 200 | 1 | @a自适应学习@Azi shi ying xue xi@e人工智能时代的教育革命@f李韧著 |
| 210 | @a北京@c清华大学出版社@d2019 | |
| 215 | @a192页@c图@d23cm | |
| 320 | @a有书目 (第186-190页) | |
| 330 | @a本书以浅显生动的语言讲述最前沿的理念——人工智能与自适应学习将如何改变教育。当下人工智能正悄悄影响着社会生活与教育体系的各个层面,对全世界的学习与教育活动,都将产生极为深远的影响。因为人工智能,因为自适应学习,自孔子以来人类两千年历史上第一次,我们可以有机会真正实现“因材施教”的伟大教育理念,跨越过去难以克服的重重阻碍,让教育真正实现“个性化”,积极改善教学的成效,“复制”最卓越的教师,让优秀教师不再是“稀缺资源”。 | |
| 517 | 1 | @a人工智能时代的教育革命@Aren gong zhi neng shi dai de jiao yu ge ming |
| 606 | 0 | @a机器学习@Aji qi xue xi |
| 690 | @aTP181@v5 | |
| 701 | 0 | @a李韧@Ali ren@4著 |
| 801 | 0 | @aCN@bNMU@c20190118 |
| 905 | @aBZT@dTP181@e13 | |
| 自适应学习:人工智能时代的教育革命/李韧著.-北京:清华大学出版社,2019 |
| 192页:图;23cm |
| ISBN 978-7-302-50888-5:CNY 39.50 |
| 本书以浅显生动的语言讲述最前沿的理念——人工智能与自适应学习将如何改变教育。当下人工智能正悄悄影响着社会生活与教育体系的各个层面,对全世界的学习与教育活动,都将产生极为深远的影响。因为人工智能,因为自适应学习,自孔子以来人类两千年历史上第一次,我们可以有机会真正实现“因材施教”的伟大教育理念,跨越过去难以克服的重重阻碍,让教育真正实现“个性化”,积极改善教学的成效,“复制”最卓越的教师,让优秀教师不再是“稀缺资源”。 |
| ● |
| 相关链接 |
|
|
|
正题名:自适应学习
索取号:TP181/13
 
预约/预借
| 序号 | 登录号 | 条形码 | 馆藏地/架位号 | 状态 | 备注 |
| 1 | 866596 | 2000866596 | 第二书库/ [索取号:TP181/13] | 在馆 | |
| 2 | 866597 | 2000866597 | 第二书库/ [索取号:TP181/13] | 在馆 | |
| 3 | 866598 | 2000866598 | 第二书库/ [索取号:TP181/13] | 在馆 |